000 00843aaa a2200217 a 4500
001 82707
003 BD-RjUL
005 20240121163857.0
008 211220s 195?ii ||||| |||| 00| p ara d
035 _a(BD-RjUL)82707
040 _aBD-RjUL
_beng
_cBD-RjUL
041 _aara
082 _223
_a892.71
_bALD 195?
100 1 0 _aAlī ibn Abī Ṭālib, Caliph;; علي بن ابي طالب، خليفة
_9260
245 1 0 _aالديوان لسيدنا علي رضي الله عنه مع حاشية المسمي بعمدة البيان.;;aldiywan lisayidina eali radi allah eanh mae hashiat almismiy eumdat albayan./ /
_cʻAlī ibn Abī Ṭālib;; علي بن ابي طالب
260 _aKarachi :
_bQuran Mahal,
_c195?
300 _a136 p. ;
_c23 cm
650 _aDewan
_vAli (r)
_9261
650 _aArabic
_vPoetry
_9262
942 _2ddc
_cBK
999 _c82707
_d82707